000 01307cad a22002175a 4500
001 L152986
008 110519s2011 xxkad f s 000 0 eng d
035 _a(Sirsi) u152986
041 0 _aeng
110 2 _aGVA Grimley
_93646
245 0 0 _aStimulating sustainable construction
_bdo we need a scrappage scheme for buildings? Spring 2011
_h[electronic resource]
260 _aLondon
_bGVA Grimley
_c2011
520 _aThe UK economy and property markets remain fragile, particularly outside London and the South East. Forecasters are expecting an anaemic recovery, but there is a significant risk of slow economic growth and stubbornly high unemployment as the government implements £81bn worth of spending cuts. Discusses the scale of the problem and the need to stimulate sustainable construction, and government incentives and the Green Deal; lists the current government sustainable construction incentive schemes.
590 _aKA NTK
651 4 _aUnited Kingdom
_y
690 _aBUILT ENVIRONMENT-SUSTAINABLE CONSTRUCTION
690 _aBUILT ENVIRONMENT-CONSTRUCTION MARKET
690 _aENVIRONMENTAL AND LAND CONSULTANCY-ENERGY-ENERGY USE-ENERGY EFFICIENCY
856 4 0 _uhttps://www.gva.co.uk/research/sustainability/
_zView this report free of charge at www.gvagrimley.co.uk
942 _n0
999 _c112308
_d112308